Every 100k+ City in Gulf Coast Megalopolis on a Map - Statistics

General Stats
  • This quiz has been taken 290 times
  • The average score is 11 of 22
Answers on the Map
Answers color-coded by a green-red scale on the quiz's map according to % correct below.
 
Answer Stats
Population City % Correct
4.94 mil Houston
98%
899k New Orleans
97%
594k Baton Rouge
92%
326k Mobile
91%
320k Corpus Christi
83%
728k McAllen
70%
217k Brownsville
68%
340k Pensacola
66%
208k Gulfport
58%
252k Lafayette
56%
143k Panama City
51%
147k Beaumont
46%
143k Lake Charles
43%
509k Matamoros
29%
153k Port Arthur
29%
106k Texas City
29%
144k Houma
27%
699k Reynosa
26%
135k Harlingen
22%
239k Conroe
21%
191k Fort Walton Beach
21%
110k Rio Bravo
9%
No matching quizzes found
Score Distribution
Percent of People with Each Score
Percentile by Number Answered
Your Score History
You have not taken this quiz